Normal view
MARC view
- Iqbal, Hameed
Entry Personal Name
001 - CONTROL NUMBER
- control field: 97237
003 - CONTROL NUMBER IDENTIFIER
- control field: NUST
005 - DATE AND TIME OF LATEST TRANSACTION
- control field: 20220815152359.0
008 - FIXED-LENGTH DATA ELEMENTS
- fixed length control field: 220815|| aca||aabn | a|a d
040 ## - CATALOGING SOURCE
- Original cataloging agency: NUST
- Transcribing agency: NUST
100 ## - HEADING--PERSONAL NAME
- Personal name: Iqbal, Hameed
670 ## - SOURCE DATA FOUND
- Source citation: Work cat.: (NUST): Iqbal, Hameed , Analyzing and Investigating Encrypted Traffic of Social Media Application Instagram /
